Matematyka - Wzory na Pola / Obwody - Statystyki

Ogólne statystyki
  • Ten quiz został rozwiązany 414 razy
    215 od ostatniego zresetowania
  • Średni wynik to 4 z 5
Statystyki odpowiedzi
Obwód / Pole Figura Wzór % Poprawnych
Pole Prostokąt ab
96%
Pole Kwadrat aa
92%
Obwód Kwadrat 4a
78%
Obwód Prostokąt 2a+2b
77%
Obwód Trójkąt a+b+c
71%
Pole Trójkąt 1/2 ah
45%
Nie znaleziono quizów pasujących do podanych kryteriów
Rozkład punktacji
Procent ludzi z każdym wynikiem
Percentyl według liczby udzielonych odpowiedzi
Twoja historia wyników
Nie rozwiązałeś tego quizu od ostatniego zresetowania